[Event "11. KUP SS OBZ 2018"]
[Site "Našice"]
[Date "2018.02.18"]
[Round "5.1"]
[White "Grandic, Zvjezdan"]
[Black "Berke, Ana"]
[Result "0-1"]
[WhiteElo "2210"]
[BlackElo "2122"]
[PlyCount "48"]
[EventDate "2018.02.16"]
[WhiteTeam "ŠK SLAVONAC, Našice"]
[BlackTeam "ŠK BELIŠĆE, Belišće"]

1. e4 c5 2. Nf3 Nc6 3. c4 e5 4. Nc3 d6 5. h3 g6 6. d3 Bg7 7. g3 Nge7 8. Bg2 O-O
9. O-O f5 10. Nd5 h6 11. exf5 Bxf5 12. Nh4 Be6 13. Be4 g5 14. Ng6 Nxg6 15. Bxg6
Bxh3 16. Be3 Ne7 17. Bxg5 hxg5 18. Nxe7+ Qxe7 19. Qh5 Rf6 20. Bh7+ Kf8 21. Qxh3
Rh6 22. Qf5+ Bf6 23. f4 gxf4 24. gxf4 Qg7+ 0-1

[Event "11. KUP SS OBZ 2018"]
[Site "Našice"]
[Date "2018.02.18"]
[Round "5.1"]
[White "Leakovic, Ivica"]
[Black "Huis, Dinko"]
[Result "1/2-1/2"]
[WhiteElo "2141"]
[BlackElo "2165"]
[PlyCount "95"]
[EventDate "2018.02.16"]
[WhiteTeam "ŠK SLAVONAC, Našice"]
[BlackTeam "ŠK BELIŠĆE, Belišće"]

1. d4 Nf6 2. Nf3 e6 3. c3 b6 4. Bg5 Bb7 5. e3 Be7 6. Nbd2 d5 7. Be2 Nbd7 8. O-O
O-O 9. a4 a6 10. b4 c5 11. bxc5 bxc5 12. c4 cxd4 13. Nxd4 dxc4 14. Nxc4 Ne4 15.
Bxe7 Qxe7 16. Qe1 Rac8 17. Na5 Nb8 18. Nxb7 Qxb7 19. Bf3 Nd7 20. Qa5 Ndc5 21.
Rfb1 Qe7 22. Bxe4 Nxe4 23. Rb6 Rc5 24. Qxa6 Rfc8 25. g3 Qd7 26. Qb7 Qd8 27.
Rbb1 Nc3 28. Rb2 g6 29. Qf3 e5 30. Rb7 Qe8 31. Nb3 e4 32. Qf6 Rf5 33. Qe7 Qxe7
34. Rxe7 Rb8 35. Nd4 Rf6 36. Rc1 Nxa4 37. Rxe4 Rb2 38. Rf4 Rxf4 39. gxf4 Kg7
40. f5 Nb6 41. Kg2 Nd7 42. Rc7 Ne5 43. fxg6 hxg6 44. Kg3 Nd3 45. Nc2 Rb5 46.
Nd4 Rg5+ 47. Kf3 Rh5 48. Kg3 1/2-1/2

[Event "11. KUP SS OBZ 2018"]
[Site "Našice"]
[Date "2018.02.18"]
[Round "5.2"]
[White "Roklicer, Heike"]
[Black "Runic, Zoran"]
[Result "0-1"]
[WhiteElo "2059"]
[BlackElo "2378"]
[PlyCount "124"]
[EventDate "2018.02.16"]
[WhiteTeam "ŠK DONJI MIHOLJAC, Donji Miholjac"]
[BlackTeam "ŠK OSIJEK 2017, Osijek"]

1. d4 Nf6 2. c4 g6 3. Nc3 Bg7 4. e4 d6 5. h3 c5 6. d5 O-O 7. Nf3 a6 8. a4 e6 9.
Be2 exd5 10. exd5 Ne8 11. Bd2 h6 12. Qc1 Kh7 13. O-O Nd7 14. Re1 f5 15. Bf1 Ne5
16. Nh2 g5 17. f4 gxf4 18. Bxf4 Ng6 19. Nf3 Nf6 20. Bd3 Nh5 21. Bh2 Kh8 22. Qd2
Qf6 23. Re2 Bd7 24. Rae1 Rae8 25. Rxe8 Rxe8 26. Rxe8+ Bxe8 27. Qe2 Ne5 28. Qe3
f4 29. Qe2 Ng3 30. Bxg3 fxg3 31. Nxe5 Qxe5 32. Qe4 Qd4+ 33. Kh1 Qxe4 34. Nxe4
Be5 35. b3 Bh5 36. Bc2 Be2 37. Nd2 Kg7 38. Nf3 Kf6 39. Kg1 Bd4+ 40. Kh1 Be3 41.
Nh4 Ke5 42. Nf3+ Kf4 43. Nh4 Kg5 44. Nf3+ Kf6 45. Nh4 Bg5 46. Nf3 Ke7 47. Ng1
Bh5 48. Nf3 Kf6 49. Kg1 Ke7 50. Kf1 Kd8 51. Ke2 Kc7 52. Be4 Kb6 53. Kd3 Ka5 54.
Nxg5 hxg5 55. Kc3 Kb6 56. Bf5 Bf3 57. Kd2 Bxg2 58. Ke3 Ka5 59. Bc2 Kb4 60. Ke2
Kc3 61. Bd1 Bxh3 62. Kf3 Bg4+ 0-1

[Event "11. KUP SS OBZ 2018"]
[Site "Našice"]
[Date "2018.02.18"]
[Round "5.2"]
[White "Sasvari, Zelimir"]
[Black "Sos, Fran"]
[Result "1/2-1/2"]
[WhiteElo "2188"]
[BlackElo "1983"]
[PlyCount "93"]
[EventDate "2018.02.16"]
[WhiteTeam "ŠK OSIJEK 2017, Osijek"]
[BlackTeam "ŠK DONJI MIHOLJAC, Donji Miholjac"]

1. d4 Nf6 2. c3 g6 3. Bf4 Bg7 4. h3 d5 5. Nd2 Nbd7 6. Ngf3 O-O 7. e3 c5 8. Bd3
b6 9. O-O Bb7 10. Ne5 Nxe5 11. Bxe5 Rc8 12. a4 Ne4 13. Bh2 Nxd2 14. Qxd2 c4 15.
Bc2 Re8 16. f4 e6 17. g4 f5 18. Qg2 Qe7 19. Bg3 Bf6 20. Rf3 Kf7 21. Kf2 Rg8 22.
Ke2 h5 23. Bh2 hxg4 24. hxg4 Rh8 25. Rg1 Rcg8 26. Rg3 Qf8 27. Rf1 Rg7 28. Bg1
Rh4 29. Kd2 Bc6 30. Ra1 Rhh7 31. Qf3 Ke8 32. Rg2 Qh8 33. Qe2 Qf8 34. Qf3 Qh8
35. b3 Rh3 36. Qe2 Qf8 37. Bf2 cxb3 38. Bxb3 Qd6 39. Bc2 Rgh7 40. Bg1 Qc7 41.
Bd3 Rd7 42. Qe1 Rdh7 43. Qd1 Kf7 44. Qb3 Rh8 45. Bf1 R3h4 46. Be2 Rh3 47. Bf1
1/2-1/2

[Event "11. KUP SS OBZ 2018"]
[Site "Našice"]
[Date "2018.02.18"]
[Round "5.2"]
[White "Galonja, Igor"]
[Black "Tarakcija, Hazim"]
[Result "0-1"]
[WhiteElo "1750"]
[BlackElo "2204"]
[PlyCount "62"]
[EventDate "2018.02.16"]
[WhiteTeam "ŠK DONJI MIHOLJAC, Donji Miholjac"]
[BlackTeam "ŠK OSIJEK 2017, Osijek"]

1. d4 Nf6 2. Nf3 d6 3. c4 Nbd7 4. Nc3 e5 5. dxe5 dxe5 6. e4 c6 7. Be2 Qc7 8.
O-O Nc5 9. Qc2 Bg4 10. Rd1 a5 11. Bg5 Be7 12. a3 a4 13. Be3 Bxf3 14. Bxf3 Nb3
15. Rab1 Qa5 16. Rd3 Nc5 17. Bxc5 Bxc5 18. Rbd1 Bd4 19. b4 axb3 20. Qxb3 O-O
21. Be2 Nd7 22. Rg3 Nc5 23. Qb4 Qxa3 24. Qxa3 Rxa3 25. Nd5 Rxg3 26. Ne7+ Kh8
27. hxg3 g6 28. Bg4 Na4 29. Rb1 c5 30. Rxb7 Nb2 31. Nc6 Nd3 0-1

[Event "11. KUP SS OBZ 2018"]
[Site "Našice"]
[Date "2018.02.18"]
[Round "5.3"]
[White "Dusper, Hrvoje"]
[Black "Tomaic, Goran"]
[Result "1-0"]
[WhiteElo "2216"]
[BlackElo "2083"]
[PlyCount "43"]
[EventDate "2018.02.16"]
[WhiteTeam "ŠK ĐURĐENOVAC, Đurđenovac"]
[BlackTeam "ŠK RADNIK, Velimirovac"]

1. d4 e6 2. c4 d5 3. Nf3 Nf6 4. g3 c6 5. Bg2 Bd6 6. O-O O-O 7. Nc3 h6 8. b3 b6
9. Bb2 Bb7 10. Qc2 dxc4 11. bxc4 c5 12. d5 exd5 13. cxd5 Nxd5 14. Nxd5 Bxd5 15.
Rad1 Bc6 16. Be5 Re8 17. Bxd6 Qc8 18. Nh4 Bxg2 19. Nxg2 Nc6 20. a3 Qe6 21. Qa4
Na5 22. Bxc5 1-0

[Event "11. KUP SS OBZ 2018"]
[Site "Našice"]
[Date "2018.02.18"]
[Round "5.3"]
[White "Lijic, Josip"]
[Black "Vitkovic, Andrija"]
[Result "1-0"]
[WhiteElo "2009"]
[BlackElo "1894"]
[PlyCount "90"]
[EventDate "2018.02.16"]
[WhiteTeam "ŠK RADNIK, Velimirovac"]
[BlackTeam "ŠK ĐURĐENOVAC, Đurđenovac"]

1. d4 Nf6 2. c4 e5 3. e3 exd4 4. exd4 d5 5. Nf3 dxc4 6. Bxc4 Be7 7. O-O O-O 8.
Re1 Bg4 9. Be3 Nc6 10. Be2 Re8 11. Nc3 Bb4 12. Qb3 Be6 13. Qa4 Bd6 14. Qc2 Ng4
15. Bg5 Be7 16. Bf4 Nf6 17. a3 Bg4 18. d5 Bxf3 19. Bxf3 Nd4 20. Qd3 Nxf3+ 21.
Qxf3 Qd7 22. Rac1 h6 23. h3 Nh7 24. Red1 Bg5 25. Ne4 Bxf4 26. Qxf4 Rac8 27. Rc3
g5 28. Nf6+ Nxf6 29. Qxf6 Kh7 30. h4 Rg8 31. Rf3 Rcf8 32. d6 gxh4 33. Qe7 Qg4
34. Rxf7+ Rxf7 35. Qxf7+ Rg7 36. Qd5 cxd6 37. Rd4 Qg6 38. Rxh4 Qb1+ 39. Kh2
Qxb2 40. Qf5+ Rg6 41. Rb4 Qg7 42. Qf3 b6 43. g3 Qe5 44. Qd3 Qh5+ 45. Kg2 Qe5
1-0

[Event "11. KUP SS OBZ 2018"]
[Site "Našice"]
[Date "2018.02.18"]
[Round "5.3"]
[White "Fridl, Miroslav"]
[Black "Pintaric, Ivica"]
[Result "1-0"]
[WhiteElo "1989"]
[BlackElo "1949"]
[PlyCount "93"]
[EventDate "2018.02.16"]
[WhiteTeam "ŠK ĐURĐENOVAC, Đurđenovac"]
[BlackTeam "ŠK RADNIK, Velimirovac"]

1. c4 f5 2. Nc3 e6 3. g3 Nf6 4. Bg2 c6 5. Nf3 Be7 6. O-O O-O 7. d4 d5 8. Qb3
Ne4 9. Ne5 Nd7 10. Nxd7 Qxd7 11. Rd1 Bd6 12. f4 Qe7 13. Nxe4 fxe4 14. c5 Bc7
15. Bd2 Rb8 16. Qa4 a6 17. e3 Bd7 18. b4 Be8 19. Qc2 Bh5 20. Re1 g5 21. Rf1 Be2
22. Rf2 Bd3 23. Qc3 Ra8 24. Bf1 Bxf1 25. Kxf1 gxf4 26. exf4 Qg7 27. a4 Rf5 28.
Be3 Qg4 29. Qd2 Kf7 30. Qe2 Qxe2+ 31. Kxe2 h5 32. Rff1 Ke7 33. Rg1 Raf8 34. b5
b6 35. cxb6 Bxb6 36. bxc6 Rc8 37. Rac1 Kd6 38. h3 Rf7 39. g4 hxg4 40. hxg4 Rh7
41. Rg2 Rch8 42. g5 Rg7 43. Kf2 Rhg8 44. Rh2 Bd8 45. Rh6 Rg6 46. Rxg6 Rxg6 47.
f5 1-0

[Event "11. KUP SS OBZ 2018"]
[Site "Našice"]
[Date "2018.02.18"]
[Round "5.3"]
[White "Lijic, Kristina"]
[Black "Karlic, Hrvoje"]
[Result "1/2-1/2"]
[WhiteElo "1698"]
[BlackElo "1934"]
[PlyCount "90"]
[EventDate "2018.02.16"]
[WhiteTeam "ŠK RADNIK, Velimirovac"]
[BlackTeam "ŠK ĐURĐENOVAC, Đurđenovac"]

1. c4 f5 2. Nc3 Nf6 3. Nf3 Nc6 4. g3 e5 5. d3 a6 6. Bg2 Bc5 7. a3 a5 8. O-O O-O
9. b3 d6 10. Bb2 h6 11. e3 Be6 12. d4 e4 13. Ne1 a4 14. d5 Bf7 15. dxc6 axb3
16. cxb7 Ra6 17. Qxb3 Rb6 18. Qc2 Bxc4 19. Na4 Bb3 20. Qc3 Bxa4 21. Nc2 Kh8 22.
Nd4 Bd7 23. Nb3 Rxb7 24. Nxc5 dxc5 25. Rfd1 Qe7 26. a4 Rfb8 27. Ba3 Bxa4 28.
Bxc5 Qe8 29. Rdc1 Bb5 30. Bd4 Qf7 31. Qc5 Nd7 32. Qc3 Nf8 33. Be5 Ne6 34. Qa5
Bd3 35. Qa2 Kg8 36. Bh3 g6 37. Bf1 Rd8 38. Rc6 Rb6 39. Rac1 Rxc6 40. Rxc6 Re8
41. Bxc7 Nxc7 42. Qxf7+ Kxf7 43. Rxc7+ Re7 44. Rxe7+ Kxe7 45. Bh3 Kf6 1/2-1/2

[Event "11. KUP SS OBZ 2018"]
[Site "Našice"]
[Date "2018.02.18"]
[Round "5.4"]
[White "Mican, Mato"]
[Black "Grguric, Damir"]
[Result "1/2-1/2"]
[WhiteElo "1938"]
[BlackElo "1978"]
[PlyCount "45"]
[EventDate "2018.02.16"]
[WhiteTeam "ŠK ĐAKOVO II, Đakovo"]
[BlackTeam "ŠK DRAGOVOLJAC, Osijek"]

1. e4 c5 2. Nc3 a6 3. g3 Nc6 4. Bg2 d6 5. Nge2 g6 6. d3 Bg7 7. O-O h5 8. f4 h4
9. f5 hxg3 10. hxg3 gxf5 11. exf5 Nh6 12. Be4 e6 13. fxe6 Bxe6 14. Nf4 Qg5 15.
Kg2 Nf5 16. Qe1 Qg4 17. Bxc6+ bxc6 18. Nxe6 Qh3+ 19. Kf3 Qh5+ 20. Kf2 Qh2+ 21.
Kf3 Qh5+ 22. Kf2 Qh2+ 23. Kf3 1/2-1/2

[Event "11. KUP SS OBZ 2018"]
[Site "Našice"]
[Date "2018.02.18"]
[Round "5.4"]
[White "Mravunac, Branko"]
[Black "Skocibusic, Ivo"]
[Result "1-0"]
[WhiteElo "1978"]
[BlackElo "1966"]
[PlyCount "55"]
[EventDate "2018.02.16"]
[WhiteTeam "ŠK DRAGOVOLJAC, Osijek"]
[BlackTeam "ŠK ĐAKOVO II, Đakovo"]

1. e4 e6 2. f4 d5 3. e5 c5 4. Nf3 Nc6 5. c3 Qb6 6. d3 Nge7 7. g3 h5 8. Bh3 Bd7
9. O-O g6 10. Qe2 Nf5 11. Nbd2 Be7 12. b3 c4+ 13. Kh1 cxd3 14. Qxd3 Ne3 15. Nc4
dxc4 16. Qxe3 Bc5 17. Qe4 cxb3 18. axb3 Qxb3 19. Rb1 Qxc3 20. Rxb7 Bb6 21. Bd2
Qc5 22. Rc1 Qb5 23. Ng5 Rd8 24. Nxf7 Kxf7 25. Rxc6 Kg7 26. Rxe6 Kf8 27. Rf6+
Ke7 28. Bb4+ 1-0

[Event "11. KUP SS OBZ 2018"]
[Site "Našice"]
[Date "2018.02.18"]
[Round "5.4"]
[White "Macanga, Branko"]
[Black "Oreskovic, Pero"]
[Result "0-1"]
[WhiteElo "1844"]
[BlackElo "1928"]
[PlyCount "99"]
[EventDate "2018.02.16"]
[WhiteTeam "ŠK ĐAKOVO II, Đakovo"]
[BlackTeam "ŠK DRAGOVOLJAC, Osijek"]

1. Nf3 c5 2. c4 e6 3. g3 Ne7 4. Bg2 Nbc6 5. O-O Ng6 6. e4 Be7 7. Nc3 O-O 8. Re1
d6 9. h4 Bf6 10. a3 Rb8 11. Nh2 a6 12. Ng4 b5 13. h5 Nge5 14. Nxf6+ Qxf6 15.
cxb5 Nd4 16. f4 Nd3 17. Re3 c4 18. b4 axb5 19. Ra2 g6 20. Bb2 g5 21. f5 Bb7 22.
g4 exf5 23. Rxd3 fxe4 24. Nxe4 Qf4 25. Rxd4 Rfe8 26. Nxd6 Qg3 27. Nxb7 Re1+ 28.
Qxe1 Qxe1+ 29. Kh2 Qb1 30. h6 Qxa2 31. Bc3 Qb1 32. Rd6 Qe1 33. Nc5 Qh4+ 34. Kg1
Re8 35. Ne4 Qe1+ 36. Kh2 Rxe4 37. Bxe4 Qh4+ 38. Kg1 Qg3+ 39. Bg2 Qxd6 40. Kf2
Qxh6 41. Bf3 Qa6 42. Ke3 Qxa3 43. Bd5 Qa7+ 44. Ke4 Qf2 45. Bxc4 bxc4 46. Kd5 h5
47. gxh5 g4 48. b5 g3 49. Bd4 Qxd4+ 50. Kxd4 0-1

[Event "11. KUP SS OBZ 2018"]
[Site "Našice"]
[Date "2018.02.18"]
[Round "5.4"]
[White "Zorman, Antun"]
[Black "Perci, Franjo"]
[Result "1/2-1/2"]
[WhiteElo "1917"]
[BlackElo "1711"]
[PlyCount "120"]
[EventDate "2018.02.16"]
[WhiteTeam "ŠK DRAGOVOLJAC, Osijek"]
[BlackTeam "ŠK ĐAKOVO II, Đakovo"]

1. e4 c5 2. Nf3 e6 3. Nc3 Nc6 4. d4 cxd4 5. Nxd4 Bb4 6. Be3 Nge7 7. Ndb5 d5 8.
Qg4 O-O 9. O-O-O a6 10. Nd4 Nxd4 11. exd5 Bxc3 12. bxc3 Ndf5 13. dxe6 Qa5 14.
exf7+ Kh8 15. Qb4 Qxb4 16. cxb4 Nxe3 17. fxe3 Be6 18. Rd6 Bxf7 19. Rd7 Nd5 20.
Bc4 Nb6 21. Rxf7 Nxc4 22. Rxb7 Nxe3 23. Re1 Nxg2 24. Ree7 Rg8 25. Ra7 Nf4 26.
Rxg7 Rxa7 27. Rxa7 Rg6 28. Kb2 h5 29. a4 h4 30. b5 axb5 31. axb5 h3 32. Ra4 Rf6
33. Rd4 Kg7 34. Kb3 Kf7 35. Ka4 Ne6 36. Rh4 Rf3 37. c4 Ke7 38. Kb4 Kd7 39. Rh7+
Kc8 40. Rh6 Re3 41. Ka5 Nf4 42. Rh4 Ng6 43. Rh6 Ne5 44. c5 Ng4 45. Rh7 Nxh2 46.
c6 Ng4 47. Kb6 Nf6 48. Rc7+ Kd8 49. Kb7 h2 50. Rc8+ Ke7 51. Rh8 Re5 52. Rxh2
Rxb5+ 53. Ka6 Rc5 54. Kb6 Rc1 55. Rd2 Ke6 56. Kb7 Nd5 57. Rxd5 Rb1+ 58. Ka7
Kxd5 59. c7 Rc1 60. Kb8 Rb1+ 1/2-1/2

[Event "11. KUP SS OBZ 2018"]
[Site "Našice"]
[Date "2018.02.18"]
[Round "5.5"]
[White "Sulc, Gordana"]
[Black "Raguz, Ivanka"]
[Result "1-0"]
[WhiteElo "1862"]
[BlackElo "1795"]
[PlyCount "137"]
[EventDate "2018.02.16"]
[WhiteTeam "ŠK ĐAKOVO III, Đakovo"]
[BlackTeam "ŠK DAMA, Đakovo"]

1. e4 e5 2. Nf3 Nc6 3. Bb5 a6 4. Ba4 Nf6 5. d3 b5 6. Bb3 Be7 7. O-O O-O 8. Re1
d6 9. c3 Bg4 10. h3 Bh5 11. Nbd2 a5 12. a4 b4 13. Nf1 Rb8 14. Bc4 d5 15. exd5
Nxd5 16. Bd2 Bf6 17. Ng3 Bg6 18. Ne4 Nf4 19. Bxf4 exf4 20. Nxf6+ Qxf6 21. Qc1
Bh5 22. Bd5 Bxf3 23. Bxf3 Ne5 24. Be4 c5 25. d4 cxd4 26. cxd4 Ng6 27. Bxg6 hxg6
28. Re4 g5 29. h4 Rbc8 30. Qd2 Qg6 31. Rae1 gxh4 32. Qxf4 h3 33. g3 Rc2 34. b3
Rb2 35. Qe3 Qc6 36. Rc1 Qd5 37. Rc5 Rb1+ 38. Kh2 Qxb3 39. Qxb3 Rxb3 40. Rxa5
Rb2 41. Kxh3 Rxf2 42. Rb5 Rb2 43. d5 b3 44. Reb4 Ra2 45. a5 f5 46. Rxb3 Rf6 47.
Rb6 Rxa5 48. Rxf6 gxf6 49. Rd3 Ra7 50. Rf3 Rh7+ 51. Kg2 Rh5 52. Rd3 Rh7 53. Kf3
Rd7 54. Kf4 Rd6 55. Kxf5 Kf7 56. g4 Kg7 57. Ke4 Kg6 58. Kf4 Kf7 59. Kf5 Kg7 60.
Rd4 Kf7 61. Ke4 Kg6 62. Kd3 f5 63. Kc4 Kf6 64. Kc5 Rd8 65. Rf4 Kg5 66. Rxf5+
Kxg4 67. Rf7 Kg5 68. Kc6 Kg6 69. Rf2 1-0

[Event "11. KUP SS OBZ 2018"]
[Site "Našice"]
[Date "2018.02.18"]
[Round "5.5"]
[White "Raguz, Frano"]
[Black "Ascic, Josipa"]
[Result "0-1"]
[WhiteElo "1538"]
[BlackElo "1623"]
[PlyCount "122"]
[EventDate "2018.02.16"]
[WhiteTeam "ŠK DAMA, Đakovo"]
[BlackTeam "ŠK ĐAKOVO III, Đakovo"]

1. e4 c5 2. d4 cxd4 3. c3 d5 4. Qxd4 dxe4 5. Qxe4 Nf6 6. Qc2 g6 7. Be3 Bg7 8.
Nd2 O-O 9. O-O-O Qa5 10. Bc4 a6 11. Ngf3 Bf5 12. Qb3 Nbd7 13. Ng5 e6 14. f3 Nc5
15. Bxc5 Qxc5 16. g4 Bxg4 17. Nxf7 Rxf7 18. fxg4 Nd5 19. Rde1 b5 20. Bd3 b4 21.
Ne4 Qc6 22. Bc4 bxc3 23. Nxc3 Rb7 24. Bxd5 exd5 25. Qxd5+ Qxd5 26. Nxd5 Bxb2+
27. Kc2 Rc8+ 28. Kd3 Rd7 29. Re7 Rxd5+ 30. Ke4 Rdd8 31. Rb1 Bf6 32. Re6 Re8 33.
Rbb6 Rxe6+ 34. Rxe6 Kf7 35. Rxa6 Rc2 36. Ra7+ Be7 37. h4 Rh2 38. Kf3 Rxh4 39.
a4 Rh3+ 40. Ke4 Ra3 41. a5 Ra4+ 42. Kd5 Rxg4 43. a6 Ra4 44. Kc6 Ra1 45. Kb6
Rb1+ 46. Kc6 h5 47. Ra8 h4 48. a7 Ra1 49. Kb6 g5 50. Rh8 Kg7 51. a8=Q Rxa8 52.
Rxa8 g4 53. Ra4 g3 54. Kc6 Kg6 55. Kd5 Kf5 56. Ra7 Bg5 57. Rf7+ Kg4 58. Rf1 g2
59. Rg1 h3 60. Ke4 Kg3 61. Kd3 h2 0-1

[Event "11. KUP SS OBZ 2018"]
[Site "Našice"]
[Date "2018.02.18"]
[Round "5.5"]
[White "Ascic, Judita"]
[Black "Raguz, Sima"]
[Result "1-0"]
[WhiteElo "1391"]
[BlackElo "1119"]
[PlyCount "109"]
[EventDate "2018.02.16"]
[WhiteTeam "ŠK ĐAKOVO III, Đakovo"]
[BlackTeam "ŠK DAMA, Đakovo"]

1. d4 d5 2. Bf4 Nc6 3. e3 Nf6 4. Nf3 Bg4 5. Be2 e6 6. h3 Bf5 7. O-O Be7 8. a3
O-O 9. c4 Re8 10. c5 Nb8 11. b4 c6 12. Nc3 b6 13. Bd3 Bxd3 14. Qxd3 bxc5 15.
dxc5 a6 16. Nd4 Nfd7 17. Bxb8 Nxb8 18. Na4 Qc7 19. Nb6 Ra7 20. Rfe1 Nd7 21.
Nxd7 Qxd7 22. e4 f6 23. exd5 exd5 24. Qf5 Qxf5 25. Nxf5 Kf7 26. Nd4 Rc7 27. Re6
Rec8 28. Rae1 g6 29. g4 Bf8 30. f4 Bh6 31. f5 Bf4 32. fxg6+ hxg6 33. R6e2 Bg3
34. Rf1 Be5 35. Nf3 Bf4 36. Nd4 Bg5 37. Ne6 Re7 38. Nxg5+ Ke8 39. Rxe7+ Kxe7
40. Nf3 Kf7 41. Re1 f5 42. gxf5 gxf5 43. Nd4 f4 44. Rf1 Rg8+ 45. Kh2 Rg6 46.
Rxf4+ Ke7 47. Rg4 Rf6 48. Rg7+ Kf8 49. Rc7 Ke8 50. Rxc6 Rf4 51. Nb3 d4 52. Nxd4
Rxd4 53. Rxa6 Rd2+ 54. Kg3 Kd7 55. Rd6+ 1-0